[Event "Olomouc After GP Mladi"]
[Site "Olomouc"]
[Date "1997.??.??"]
[Round "8"]
[White "Kalod, Radek"]
[Black "Oral, Tomas"]
[Result "0-1"]
[WhiteElo "2430"]
[BlackElo "2435"]
[Annotator "Hecht,H"]
[PlyCount "120"]
[EventDate "1997.08.05"]
[EventType "tourn"]
[EventRounds "11"]
[EventCountry "CZE"]
[EventCategory "10"]
[SourceTitle "CBM 061"]
[Source "ChessBase"]
[SourceDate "1997.11.23"]
[SourceVersion "1"]
[SourceVersionDate "1997.11.23"]
[SourceQuality "1"]

1. e4 c5 2. Nf3 Nc6 3. c4 e5 4. Nc3 d6 5. g3 (5. Bd3 Bg4 6. h3 Bh5 7. Nd5 Nf6
8. g4 Bg6 9. Qc2 Nxd5 10. cxd5 Qf6 11. dxc6 Qxf3 12. cxb7 Qxh1+ 13. Ke2 Rd8 14.
Qa4+ Ke7 15. Qc6 Kf6 16. Bc2 Qxh3 17. Qc8 Kg5 18. d4+ Kh4 19. Qxd8+ {1-0
Stanley,C-Saint Amant,P/New York m 1852/HCL 34}) (5. d3 g6 6. Be2 Bg7 7. a3 (7.
h4 h5 8. Nd5 Nce7 9. Bg5 f6 10. Be3 Nxd5 11. cxd5 Bh6 12. Qd2 Bg4 13. b4 Bxf3
14. Bxf3 Bxe3 15. fxe3 Rc8 16. bxc5 Rxc5 17. O-O Rh7 18. d4 Rcc7 19. Rac1 Qc8
20. dxe5 fxe5 21. Be2 a6 22. Bd3 {1/2-1/2 Birke,A-Becker,M/OLO-A 1995/GER 11})
7... Nge7 8. Rb1 O-O 9. b4 h6 10. Be3 b6 11. Qc1 Kh7 12. h3 f5 13. Nd5 Bd7 14.
Nh2 Rc8 15. b5 Nd4 16. Bxd4 cxd4 17. Nxe7 Qxe7 18. O-O Be6 19. exf5 gxf5 {
Gunawan,R-Kurajica,B/Surakarta/Denpasar 1982/MCD-r8/0-1 (31)}) 5... Be7 6. Bg2
f5 7. d3 Nf6 8. Nh4 fxe4 9. dxe4 Nd4 10. Nf5 O-O 11. Ne3 a6 12. O-O Rb8 13. b3
b5 14. Bb2 Be6 15. Rb1 Nd7 16. Ncd5 Nb6 17. Bc3 Nxd5 18. exd5 Bd7 19. Be4 g6
20. f3 b4 21. Bxd4 exd4 22. Ng2 Bh3 23. Qd3 Kg7 24. Nf4 Rxf4 25. gxf4 Qf8 26.
Rfe1 Qxf4 27. Kh1 Bf6 28. Re2 Be5 29. Rg1 Kh8 30. Qd2 Qxd2 31. Rxd2 Bf4 32. Re2
Re8 33. Rge1 Be3 34. Rxe3 dxe3 35. Rxe3 Kg7 36. Kg1 Kf6 37. Kf2 a5 38. Re1 Bd7
39. Ke3 a4 40. bxa4 Bxa4 41. Kd2 Bd7 42. Re3 Ra8 43. Bb1 g5 44. Kc1 h5 45. Kd2
Ra3 46. Rxa3 bxa3 47. Ke3 Bf5 48. Bxf5 Kxf5 {A win for Black owing to his
space advantage and active king, as well as to zugzwang. [#] Gewiin für
Schwarz infolge Raumvorteil, aktivem König sowie Zugzwang.} 49. Kf2 (49. h3 Ke5
50. Kd3 Kf4 51. Ke2 Kg3 $19) 49... Kf4 50. Ke2 h4 51. Kf2 g4 52. fxg4 Kxg4 53.
Kg2 h3+ 54. Kf2 Kf4 55. Ke2 Ke4 56. Kf2 (56. Kd2 Kd4 $19 (56... Kf3 $2 57. Kd3
Kg2 58. Ke2 Kxh2 59. Kf2 Kh1 60. Kf1 $11)) 56... Kd4 57. Kg3 Kc3 (57... Kxc4
58. Kxh3 Kd3 $1 $19 (58... Kxd5 $5 59. Kg4 c4 60. Kf3 Ke5 61. Ke3 d5 62. h4 d4+
$19 (62... Kf5 63. Kd4 Kg4 64. Kc3 Kxh4 65. Kb4 Kg3 66. Kxa3 d4 67. Kb4 d3 68.
Kc3 Kf4 69. Kd2 Ke4 $19))) 58. Kxh3 Kb2 59. Kg4 Kxa2 60. h4 Kb3 0-1

[Event "Bundesliga 0102"]
[Site "Germany"]
[Date "2001.11.24"]
[Round "3.6"]
[White "Seul, Georg"]
[Black "Hellsten, Johan"]
[Result "0-1"]
[WhiteElo "2427"]
[BlackElo "2471"]
[Annotator "Hecht,H"]
[PlyCount "152"]
[EventDate "2001.10.06"]
[EventType "team-tourn"]
[EventRounds "15"]
[EventCountry "GER"]
[SourceTitle "CBM 087"]
[Source "ChessBase"]
[SourceDate "2002.03.21"]
[SourceVersion "1"]
[SourceVersionDate "2002.03.21"]
[SourceQuality "1"]
[WhiteTeam "Castrop Rauxel"]
[BlackTeam "Neukoelln"]
[WhiteTeamCountry "GER"]
[BlackTeamCountry "GER"]

1. e4 c5 2. Nf3 e6 3. d3 Nc6 4. g3 d6 5. Bg2 Nf6 6. O-O Be7 7. c3 O-O 8. Re1
Bd7 9. d4 cxd4 10. cxd4 d5 11. exd5 Nxd5 12. Nc3 Nxc3 13. bxc3 Rc8 14. Qd3 Qa5
15. a4 Rfd8 16. Bd2 Be8 17. Qe2 b6 18. Reb1 Bf6 19. h4 Ne7 20. Ng5 Nf5 21. Ne4
Be7 22. h5 Nd6 23. h6 Nxe4 24. Bxe4 g6 25. Bd3 Qd5 26. Be4 Qc4 27. Bd3 Qc7 28.
Re1 Bc6 29. Bf4 Bd6 30. Bxd6 Qxd6 31. Be4 Qf8 32. Bxc6 Rxc6 33. Qe3 Rdc8 34.
Rab1 Rc4 35. a5 bxa5 36. Rb7 Qa3 37. Qf4 R4c7 38. Rxc7 Rxc7 39. Rb1 Rc8 40. Rb7
Qf8 41. Qf6 Ra8 42. c4 a4 43. c5 a3 44. Rb3 Qxh6 45. Rb7 Qf8 46. d5 exd5 47. c6
a2 48. Qb2 Qc8 49. Qxa2 Qxc6 50. Rxa7 Rxa7 51. Qxa7 Qe6 52. Qb8+ Kg7 53. Qb2+
Qf6 54. Qe2 Qd4 55. Qe7 Qe4 56. Qc5 d4 57. Kh2 h5 58. Kg1 d3 59. Qc3+ Kh7 60.
Qb3 Qf5 61. Kf1 Qd7 62. Qd1 d2 63. Ke2 Qg4+ 64. Kxd2 Qxd1+ 65. Kxd1 {[#]
Standard bei "3-2 Bauern auf einem Flügel" ist üblicherweise der Gewinn. Zu
vermeiden sind unmotivierter Bauerntausch oder etwa Lollis Remisposition (wKf3,
Bg3; sKg5,Bh5,f5). Der Gewinn wird üblicherweise durch Zugzwang (Opposition)
oder Umgehung herbeigeführt.} g5 66. Ke2 Kg6 67. Ke3 Kf5 68. Kf3 Ke5 (68... h4
69. gxh4 gxh4 70. Kg2 Kg4 71. Kh2 h3 (71... f5 72. Kg2 f4 $4 73. f3+ $11) 72.
Kg1 Kf3 73. Kh2 Kxf2 74. Kxh3 f5 $19) 69. Ke3 h4 70. Kf3 h3 71. g4 h2 72. Kg2
Kf4 73. Kxh2 Kxg4 74. Kg2 Kf4 75. Kg1 Kf3 76. Kf1 f6 0-1

[Event "Bad Homburg"]
[Site "Bad Homburg"]
[Date "1996.??.??"]
[Round "9"]
[White "Slobodjan, Roman"]
[Black "Movsesian, Sergei"]
[Result "1-0"]
[WhiteElo "2520"]
[BlackElo "2635"]
[Annotator "Hecht,H"]
[PlyCount "181"]
[EventDate "1996.07.20"]
[EventType "tourn"]
[EventRounds "9"]
[EventCountry "GER"]
[EventCategory "12"]
[SourceTitle "CBM 055"]
[Source "ChessBase"]
[SourceDate "1996.12.01"]
[SourceVersion "1"]
[SourceVersionDate "1996.12.01"]
[SourceQuality "1"]

1. e4 {Endspiel-CD} c5 2. Nf3 Nc6 3. Bb5 e6 4. O-O Nge7 5. c3 a6 6. Ba4 b5 7.
Bc2 Bb7 8. Re1 Ng6 9. d4 cxd4 10. Nxd4 Qc7 11. Nxc6 Bxc6 12. Nd2 Bd6 13. Nf3
O-O 14. Be3 Rad8 15. Kh1 Qb8 16. Ng5 h6 17. Nf3 Bc7 18. Qe2 Qb7 19. Bd2 e5 20.
Bb3 d5 21. exd5 Bxd5 22. Bxd5 Qxd5 23. a4 Rfe8 24. axb5 axb5 25. Be3 e4 26. Nd4
b4 27. Qb5 Qd6 28. g3 bxc3 29. bxc3 Re5 30. Qb7 Rb8 31. Qc6 Qd8 32. Qc4 Rh5 33.
Nc6 Qf6 34. Qxe4 Rc8 35. Bd4 Qg5 36. Ne7+ Nxe7 37. Qxe7 Qg4 38. Qe4 Qh3 39. Qg2
Qg4 40. Ra8 Kh7 41. Rxc8 Qxc8 42. Qe4+ Qf5 43. Kg2 Bd6 44. c4 Qxe4+ 45. Rxe4
Ra5 46. Bb6 Ra8 47. c5 Bf8 48. c6 Rc8 49. c7 Bd6 50. Rc4 Kg8 51. Rd4 Bxc7 52.
Rc4 Bxb6 53. Rxc8+ {HechT: 3-3 Bauern am K-Flügel ist theoretisch gewonnen.
Technik. Gute schwarze Defensivstellung: B auf f7,g6,h5 - Weiße Ideen:
Zersplitterung und/oder festlegen der Bauern auf L-Farbe, Umgehung, Zugzwang}
Kh7 54. Rc6 Bd4 55. Rd6 Bc5 (55... Bc3 56. g4 g5 (56... g6 57. Rd5 Bf6 58. Kg3
Kg7 59. h4 $18) 57. Rc6 Bd4 58. f3 $18 {[%csl Rf7,Rh6][%cal Yg2f1,Yf1e2,Ye2d3,
Yd3e4,Ye4d5,Yd5d6,Yd7e8,Yd6d7]}) 56. Rd5 Bb6 $2 (56... Bb4) 57. h4 g6 58. h5 $1
gxh5 (58... Kg7 59. hxg6 fxg6 60. Rd7+ Kg8 61. Rd6 $18) 59. Rxh5 Kg6 60. g4 Bc7
61. Kf3 Bb6 62. Rf5 Bd4 63. Ke4 Bc3 64. Rd5 Be1 65. Ke3 Bc3 66. Kf4 Be1 67.
Rd6+ Kg7 68. Ke3 Bc3 69. Rc6 Bf6 70. Ke4 Bh4 71. f3 Bf6 72. Kd5 Bh4 73. Kd6 Kg6
74. Rc5 Bf2 75. Rf5 Be3 76. Kd7 Bg5 77. Rb5 Kg7 78. Ke8 Kg6 79. Rd5 f5 80. Rxf5
h5 81. f4 Bh6 82. Rxh5 Bxf4 {Das ist leicht gewonnen für Weiß. Aufpassen muß
man bei N-oder R-Bauern.} 83. Rf5 Bc1 84. Ke7 Kg7 85. Ke6 Kg6 86. Rf8 Be3 (
86... Kg7 $142 {Endspiel-CD}) 87. Rg8+ Kh7 88. Kf7 Kh6 89. Kf6 (89. Rg6+ {
Endspiel-CD} Kh7 90. g5 {/\Rh6#}) 89... Bd4+ 90. Kf7 Be3 91. g5+ $1 (91. g5+ {
Endspiel-CD} Bxg5 92. Rh8#) 1-0

[Event "EU-ch 4th"]
[Site "Istanbul"]
[Date "2003.06.05"]
[Round "6"]
[White "Arizmendi Martinez, Julen Luis"]
[Black "Zueger, Beat"]
[Result "0-1"]
[WhiteElo "2516"]
[BlackElo "2448"]
[Annotator "Hecht,H"]
[PlyCount "155"]
[EventDate "2003.05.30"]
[EventType "swiss"]
[EventRounds "13"]
[EventCountry "TUR"]
[SourceTitle "CBM 096"]
[Source "ChessBase"]
[SourceDate "2003.09.25"]
[SourceVersion "1"]
[SourceVersionDate "2003.09.25"]
[SourceQuality "1"]

1. e4 c5 2. Nf3 Nc6 3. Nc3 e5 4. Bc4 d6 5. d3 Be7 6. O-O Bg4 7. h3 Bh5 8. Nd5
Nf6 9. c3 O-O 10. a3 Nxd5 11. Bxd5 a5 12. a4 Rb8 13. g4 Bg6 14. Be3 Kh8 15. Kg2
f6 16. Qb3 Qc7 17. Nh4 Be8 18. Nf5 Bd8 19. f4 Ne7 20. Nxe7 Bxe7 21. c4 exf4 22.
Bxf4 Bc6 23. Qc2 Qd7 24. b3 Bxd5 25. exd5 Rbe8 26. Rae1 Bd8 27. Qf2 Kg8 28. Bg3
Bc7 29. Qf3 Rxe1 30. Rxe1 Re8 31. Re6 Rxe6 32. dxe6 Qxe6 33. Qxb7 Qe2+ 34. Bf2
Qe7 35. Qd5+ Kf8 36. d4 cxd4 37. Bxd4 Qe2+ 38. Bf2 Ke7 39. Qc6 Kd8 40. Qd5 Ke7
41. Kg1 Qc2 42. c5 Qc1+ 43. Kg2 Qc2 44. Qc6 Kd8 45. Qd5 Ke7 46. Kf3 Qc3+ 47.
Be3 Qc2 48. c6 Kf8 49. Bf2 Qc3+ 50. Kg2 Qc2 51. Kf3 Qc3+ 52. Be3 Qc2 53. h4 g6
54. h5 Qc3 55. Kf2 Qc2+ 56. Kg3 Qc3 57. Kf2 Qc2+ 58. Kg3 Qc3 59. Kf3 Ke7 60.
Kf2 Qc2+ 61. Kf3 Qc3 62. Ke2 Qb2+ 63. Kd3 Qb1+ 64. Ke2 Qb2+ 65. Kd1 Qa1+ 66.
Bc1 Qc3 67. Qg8 Qf3+ 68. Kc2 Qxc6+ 69. Kb2 gxh5 70. Qxh7+ Kd8 71. gxh5 d5 72.
Qc2 Be5+ 73. Kb1 Qb6 74. Qd3 Qe6 75. h6 f5 76. h7 {[#] Weiß hatte sich nach
langer Lavierphase diese vielversprechende Stellung verschafft.} Bf6 (76... Ke7
{war angezeigt}) 77. Bg5 (77. Bd2 $1 {war stark}) 77... Qe1+ 78. Ka2 {[%mdl
12288] Kann ein gefesselter Läufer a1 decken. Ja, er kann; deshalb wartete
Weiß das fatale Da1# gar nicht mehr ab.} 0-1

[Event "ROM-ch"]
[Site "Targoviste"]
[Date "2001.12.06"]
[Round "12"]
[White "Vasiesiu, Dan"]
[Black "Tugui, Adrian"]
[Result "1/2-1/2"]
[WhiteElo "2440"]
[BlackElo "2337"]
[Annotator "Hecht,H"]
[PlyCount "130"]
[EventDate "2001.11.23"]
[EventType "tourn"]
[EventRounds "15"]
[EventCountry "ROU"]
[EventCategory "9"]
[SourceTitle "CBM 087"]
[Source "ChessBase"]
[SourceDate "2002.03.21"]
[SourceVersion "1"]
[SourceVersionDate "2002.03.21"]
[SourceQuality "1"]

1. e4 c5 2. Nf3 Nc6 3. Bb5 e5 4. Bxc6 dxc6 5. d3 Bd6 6. Nbd2 Ne7 7. Nc4 Ng6 8.
Be3 O-O 9. Qd2 b6 10. h4 Bc7 11. h5 Nf4 12. Bxf4 exf4 13. h6 g6 14. O-O-O b5
15. Qc3 f6 16. Ncd2 Qe7 17. d4 c4 18. d5 Bb7 19. Rhe1 Rfe8 20. dxc6 Bxc6 21.
Nd4 Bd7 22. Nxc4 Rac8 23. Nd2 a5 24. N2f3 a4 25. Qd3 Red8 26. Nxb5 Be6 27. Qa3
Qxa3 28. Nxa3 Bxa2 29. Rxd8+ Bxd8 30. Rd1 Be7 31. Rd7 Bf8 32. Ra7 Bc4 33. Nxc4
Rxc4 34. Nd2 Bxh6 35. f3 Rc5 36. Rxa4 Rg5 37. b4 Bf8 38. c4 h5 39. b5 Bc5 40.
Nb3 Be3+ 41. Kb1 Rxg2 42. c5 Rg5 43. Rc4 h4 44. b6 h3 45. b7 h2 46. b8=Q+ Kg7
47. Qc7+ Kh6 48. Qd8 Rh5 49. Qd1 {Es konnte weiter vom Leder gezogen werden} (
49. c6 h1=Q+ 50. Kb2 Rh2+ 51. Ka3 Qg2 52. c7 Qa2+ 53. Kb4 Rb2 54. Qf8+ Kg5 (
54... Kh7 55. Qh8+ Kxh8 56. c8=Q+ Kg7 57. Rc7+ Kh6 58. Qh3+ Kg5 59. Qg4+ Kh6
60. Qh4#) 55. Rc5+ Bxc5+ 56. Qxc5+ Kh4 57. Qc4 Rxb3+ 58. Qxb3 Qa6 59. Kc5 $18)
49... h1=Q 50. Qxh1 Rxh1+ 51. Kc2 Rh2+ (51... Kg7 $142 52. c6 Rh8 53. c7 Rc8)
52. Kd3 Rb2 53. Nd4 Bxd4 (53... Rd2+ 54. Kc3 Rd1 55. c6 Bxd4+ 56. Kc2 $1 Ra1
57. Rxd4 Ra8 $16 {ist näher zu prüfen}) 54. Kxd4 {Damit ist unser Thema
erschöpft.} Rd2+ 55. Kc3 Rd8 56. Rd4 Rc8 57. Kc4 Kg5 58. Rd6 Kh4 59. Rxf6 g5
60. Rg6 Kg3 61. Rxg5+ Kxf3 62. Kd4 Re8 63. e5 Rd8+ 64. Kc4 Ke4 65. e6 Re8
1/2-1/2

[Event "Lazne Bohdanec"]
[Site "Lazne Bohdanec"]
[Date "1996.??.??"]
[Round "7"]
[White "Movsesian, Sergei"]
[Black "Kogan, Artur"]
[Result "1-0"]
[WhiteElo "2580"]
[BlackElo "2485"]
[Annotator "Hecht,H"]
[PlyCount "73"]
[EventDate "1996.01.??"]
[EventType "tourn"]
[EventRounds "11"]
[EventCountry "CZE"]
[EventCategory "10"]
[SourceTitle "CBM 051"]
[Source "ChessBase"]
[SourceDate "1996.04.01"]
[SourceVersion "1"]
[SourceVersionDate "1996.04.01"]
[SourceQuality "1"]

1. e4 c5 2. Nf3 Nc6 3. Bb5 e6 4. O-O Nge7 5. Nc3 a6 6. Bxc6 Nxc6 7. d4 cxd4 8.
Nxd4 Qc7 9. Re1 Bd6 10. h3 Nxd4 11. Qxd4 Be5 12. Qd3 b5 13. a4 b4 14. Ne2 Bb7
15. Bd2 Rc8 16. c3 Qc4 17. Qxc4 Rxc4 18. f3 bxc3 19. Bxc3 Bxc3 20. Nxc3 Ke7 21.
a5 Rb4 22. Re2 Rc8 23. Ra3 Rc5 24. Kf2 f5 25. Na2 Rbc4 26. b4 Re5 27. Rc3 Rd4
28. Ke3 Rd1 29. Rc5 Rxc5 30. bxc5 {TS-TL: guter L, Taktik} Kf6 (30... fxe4 31.
fxe4 Bc6 $10) 31. exf5 Kxf5 32. Rb2 Bc6 33. Nb4 Bb5 34. Nc2 Ke5 $2 (34... Rd3+
35. Kf2 e5 $17 {xa5, xc5}) 35. Rxb5 $1 Rd5 (35... axb5 36. a6 $18) 36. f4+ Kf6
37. Nb4 1-0

[Event "Pamplona 9798 8th"]
[Site "Pamplona"]
[Date "1998.01.05"]
[Round "9"]
[White "Arizmendi Martinez, Julen Luis"]
[Black "Granda Zuniga, Julio E"]
[Result "0-1"]
[WhiteElo "2470"]
[BlackElo "2625"]
[Annotator "Hecht,H"]
[PlyCount "154"]
[EventDate "1997.12.28"]
[EventType "tourn"]
[EventRounds "9"]
[EventCountry "ESP"]
[EventCategory "13"]
[SourceTitle "CBM 063"]
[Source "ChessBase"]
[SourceDate "1998.03.26"]
[SourceVersion "1"]
[SourceVersionDate "1998.03.26"]
[SourceQuality "1"]

1. e4 c5 2. Nf3 Nc6 3. Nc3 e5 4. Bc4 d6 5. d3 h6 6. Nd2 Be7 7. Nf1 Bg5 8. Ne3
Nge7 9. Qh5 g6 10. Qd1 Nd4 11. O-O O-O 12. a3 Kg7 13. Ned5 Nec6 14. b4 Be6 15.
b5 Nb8 16. Ne2 Bxc1 17. Rxc1 Nd7 18. c3 Nxe2+ 19. Qxe2 Nb6 20. Qa2 Nxc4 21.
Qxc4 f5 22. f3 Rc8 23. Qa4 Bxd5 24. exd5 Qb6 25. c4 Ra8 26. Rb1 Qd8 27. Qc2 Qf6
28. Qd2 g5 29. a4 h5 30. Rf2 Qg6 31. Rbf1 Rf7 32. Kh1 Re7 33. Qe2 Kf7 34. Qd2
Kg8 35. Re2 Qf6 36. Rfe1 Rae8 37. Qa5 b6 38. Qc3 Kf7 39. Kg1 g4 40. Kh1 gxf3
41. gxf3 Qh4 42. Rg1 Rg8 43. Rxg8 Kxg8 44. Rg2+ Rg7 45. Qd2 Kf7 46. Rxg7+ Kxg7
47. Kg2 Kg6 48. Qe3 Qg5+ 49. Kf2 Qxe3+ 50. Kxe3 {[#] Raumvorteil für Schwarz
und Zugzwangmotive. Übergamg in ein klar gewonnenes Damenendpiel.} Kg5 51. h3
h4 (51... Kh4 $2 52. f4 $1 exf4+ (52... Kg3 53. fxe5 f4+ 54. Kd2) 53. Kxf4 Kxh3
54. Kxf5 h4 55. Ke6 Kg4 56. Kxd6 h3 57. Kc7 h2 58. d6 h1=Q 59. d7 Qh7 60. Kc8
Qf5 61. Kc7 Qf7 62. Kc8 Qe6 63. Kc7 Qe7 64. Kc8 Kf3 65. d8=Q Qxd8+ 66. Kxd8 Ke3
67. Kc7 Kxd3 68. Kb7) 52. f4+ (52. Ke2 Kf4 53. Kf2 e4 $19) 52... exf4+ 53. Kf3
Kg6 54. Kxf4 Kf6 55. Kf3 Ke5 56. Ke3 f4+ 57. Kf3 Kd4 58. Kxf4 Kxd3 59. Kf5 Kxc4
60. Ke6 Kb3 61. Kxd6 c4 62. Ke6 c3 63. d6 c2 64. d7 c1=Q 65. d8=Q Qe3+ 66. Kf6
Qxh3 $19 67. Qd1+ Kb4 68. Qd4+ Ka5 69. Qd2+ Kxa4 70. Qd4+ Kxb5 71. Qd5+ Kb4 72.
Qd4+ Kb3 73. Qd5+ Kc3 74. Qe5+ Kd3 75. Qd5+ Ke2 76. Qa2+ Kf1 77. Qc4+ Kg2 (
77... Kg2 78. Qa2+ Kg1 79. Qxa7 Qe3 80. Kf5 h3 81. Kg4 h2 82. Qa1+ Kf2 83. Qf6+
Kg2 84. Qc6+ (84. Qb2+ Qf2 $19) 84... Kg1 $19) 0-1

[Event "FRA-chT Gp-A"]
[Site "France"]
[Date "2003.01.31"]
[Round "1.1"]
[White "Marcelin, Cyril"]
[Black "Lautier, Joel"]
[Result "1/2-1/2"]
[WhiteElo "2503"]
[BlackElo "2670"]
[Annotator "Hecht,H"]
[PlyCount "216"]
[EventDate "2003.01.31"]
[EventType "team"]
[EventRounds "7"]
[EventCountry "FRA"]
[SourceTitle "CBM 094"]
[Source "ChessBase"]
[SourceDate "2003.05.26"]
[SourceVersion "1"]
[SourceVersionDate "2003.05.26"]
[SourceQuality "1"]
[WhiteTeam "Noyon"]
[BlackTeam "Paris NAO"]
[WhiteTeamCountry "FRA"]
[BlackTeamCountry "FRA"]

1. e4 c5 2. Nf3 Nc6 3. Bb5 e6 4. Bxc6 bxc6 5. d3 Ne7 6. Qe2 Qc7 7. Ng5 e5 8.
O-O h6 9. Nh3 g5 10. f3 d6 11. Nf2 f5 12. exf5 Bxf5 13. Nd2 Bg7 14. Nde4 O-O
15. Be3 Nd5 16. a3 a5 17. a4 Nf4 18. Qe1 Bg6 19. Rb1 Ne6 20. b3 Qe7 21. Nd2 d5
22. Nh1 Rf7 23. Bf2 Qb7 24. Bg3 Re8 25. Nf2 h5 26. h3 Qb6 27. Bh2 Rfe7 28. Kh1
Nf4 29. Bg1 Qd8 30. Qe3 Qd6 31. Rbd1 Bf8 32. Qe1 Rh7 33. Nb1 Qd8 34. Nc3 Bd6
35. Ne2 Bf5 36. Ne4 dxe4 37. dxe4 Be6 38. Nxf4 gxf4 39. Bxc5 Rd7 40. Rxd6 Rxd6
41. Bxd6 Qxd6 42. Qxa5 c5 43. Ra1 Re7 44. Qe1 Rg7 45. Rd1 Qe7 46. Qd2 Kh7 47.
Qd8 Qf7 48. Qh4 Qg6 49. Rd2 c4 50. bxc4 Bxc4 51. a5 Bf1 52. Qf2 Qa6 53. Qb6 Qc8
54. Kg1 Qc3 55. Rf2 Bc4 56. Kh2 Qe3 57. Kg1 Qxb6 58. axb6 Rb7 59. Rd2 Rxb6 60.
h4 Rb2 61. Kf2 Ra2 62. Kg1 Kg7 63. Rd7+ Kf6 64. Rc7 Ra4 65. Rb7 Be6 66. Rb6 Rd4
67. Ra6 Rc4 68. Ra5 Rxc2 69. Rb5 Bd7 70. Ra5 Ke6 71. Ra6+ Bc6 72. Ra7 Kd6 73.
Rh7 Be8 74. Rh6+ Ke7 75. Rb6 Rc1+ 76. Kh2 Rc7 77. Ra6 Bc6 78. Rb6 Kd6 79. Rb8
Ke7 80. Rb6 Rc8 81. Ra6 Kd6 82. Ra7 Rc7 83. Ra5 Re7 84. Kg1 Rb7 85. Kh2 Rb5 86.
Ra7 Bb7 87. Ra2 Kc5 88. Rd2 Kc4 89. Rd6 Rb2 90. Kg1 Rb1+ 91. Kh2 Rb2 92. Kg1
Ra2 93. Rh6 Kd4 94. Rxh5 Ra6 95. Rh7 Bxe4 96. fxe4 Kxe4 {[#] 2-2 Bauern auf
einem Flügel mit wesentlich besserer schwarzer Königsstellung - und starker
Zeitnot beiderseits, die eine klare Endspielführung verhindert, was viele Züge
beweisen.} 97. h5 Ke3 98. h6 {Ist suspekt. Stellungsgerecht sieht Kh2 aus.} e4
(98... Ra1+ 99. Kh2 Kf2 100. Rh8 Ra6 101. Kh3 e4 102. Kg4 e3 103. Kxf4 e2 104.
Re8 $11) 99. Rh8 Re6 100. Kf1 Rg6 101. Rh7 Ra6 102. Kg1 Ke2 103. Rf7 $2 (103.
Re7 $1 e3 104. h7 $11) 103... Rxh6 104. Rxf4 e3 105. Ra4 Rd6 106. g4 (106. Kh2
Kf1 107. g4 e2 108. Rf4+ Ke1 109. Kg3 Rd3+ 110. Kh4 Kd2 111. Rf2 Kd1 112. Rxe2
Kxe2 113. g5 Kf3 114. Kh5 Kf4 $19) 106... Kf3 107. Ra8 Rd4 $19 {[#] Das
nächste Zugpaar kann nicht erklärt werden, außer dass -offenbar unter starkem
Zeitdruck - Lautier in Erwartung von Tf8+ automatisch den König angefasst hat,
und ihn dann auch bewegen musste.} ({Einfacher war} 107... Rd1+ 108. Kh2 e2
109. Re8 e1=Q 110. Rxe1 Rxe1 $19) 108. Kf1 $4 Kxg4 $4 1/2-1/2

[Event "Imre Konig Memorial 1st"]
[Site "San Francisco"]
[Date "2002.09.08"]
[Round "4"]
[White "Nakamura, Hikaru"]
[Black "Fedorowicz, John P"]
[Result "1-0"]
[WhiteElo "2494"]
[BlackElo "2509"]
[Annotator "Hecht,H"]
[PlyCount "147"]
[EventDate "2002.09.04"]
[EventType "tourn"]
[EventRounds "9"]
[EventCountry "USA"]
[EventCategory "12"]
[SourceTitle "CBM 092"]
[Source "ChessBase"]
[SourceDate "2003.02.06"]
[SourceVersion "1"]
[SourceVersionDate "2003.02.06"]
[SourceQuality "1"]

1. c4 Nf6 2. Nc3 c5 3. e4 Nc6 4. Nf3 e5 5. d3 d6 6. a3 Be7 7. Be2 Nd4 8. b4 b6
9. O-O O-O 10. Bg5 Be6 11. Rb1 h6 12. Be3 Nxe2+ 13. Qxe2 Bg4 14. h3 Bh5 15.
bxc5 bxc5 16. Rb7 a6 17. Rfb1 Re8 18. g4 Bg6 19. Bd2 Bf8 20. Kg2 Re7 21. R7b3
Re8 22. Rb7 Re7 23. R7b3 Re8 24. Nh2 Ra7 25. Nf1 Nh7 26. Nd5 Nf6 27. Nfe3 Nxd5
28. cxd5 f6 29. Nc4 Qd7 30. Qd1 Kh7 31. Rb6 Rc8 32. f4 Be8 33. Qf3 Kg8 34. fxe5
fxe5 35. Rb8 Qd8 36. Rxc8 Qxc8 37. Rb6 Rb7 38. Rxd6 Bb5 39. Re6 Bxc4 40. dxc4
Rb2 41. Qc3 Qb8 42. d6 Rb3 43. Qxe5 Rd3 44. Be1 Rxd6 45. Rxd6 Bxd6 46. Qd5+ {
[#] Weißer Spielplan: Raumgewinn am Königsflügel, Vorrücken des e-Freibauern,
Benutzen der Stützpunkte d5, f5, d7, f7. Taktik: Königsangriff, Fesselung} Kh7
47. Bf2 ({Folgerichtiger erscheint} 47. Bc3 {[%csl Rg7][%cal Re4e5,Re5e6]})
47... Qc7 48. Qe6 Bf8 {Alternativen:} (48... Qe7 $5 {um nach Damentausch mit
dem König nach e6 zu gehen.}) (48... g6 49. Bh4 $1 {[%cal Rh4f6,Re4e5]}) 49. h4
(49. Qxa6 Qe5 50. Qc6 Bd6 $132) (49. Qf5+ Kg8 50. Qd5+ Kh7 51. e5 {ähnlich wie
in der Partie}) 49... Qd8 50. Qd5 Qe8 51. e5 Qg6 52. Qf3 Kg8 53. Qd5+ Kh8 54.
Qf3 Kg8 55. Qf5 Qc6+ 56. Kg1 Be7 57. e6 Qd6 58. Kg2 Kh8 59. g5 Qc6+ 60. Qd5 Qe8
61. Qd7 Qf8 62. gxh6 (62. g6 $5 Qa8+ 63. Qd5 Qf8 64. h5 Qc8 65. Bg3 Qf8 66. a4
$18 {im Anakondastil}) 62... gxh6 63. Bg3 Kg8 64. a4 h5 (64... Qf6 $142) 65.
Qd5 Qe8 66. Qf5 {Die große Anzahl schwacher schwarzer Felder in der Nähe des
Königs und im Zentrum wirkt entscheidend.} Qc6+ 67. Kh2 $5 Qe8 68. Kg2 Bf8 (
68... Qc6+ 69. Kf2 Qe8 70. Ke3 $18) 69. Be5 Bh6 70. Kh3 Bf8 71. Qf6 Kh7 72.
Qh8+ Kg6 73. Qg8+ Kf5 74. Bd6 1-0

[Event "NED-chT 0102 playoff"]
[Site "Enschede"]
[Date "2002.05.10"]
[Round "2.2"]
[White "Van Haastert, Edwin"]
[Black "Hoffmann, Michael"]
[Result "1-0"]
[WhiteElo "2417"]
[BlackElo "2428"]
[Annotator "Hecht,H"]
[PlyCount "147"]
[EventDate "2002.05.09"]
[EventType "team-k.o."]
[EventRounds "2"]
[EventCountry "NED"]
[SourceTitle "CBM 089"]
[Source "ChessBase"]
[SourceDate "2002.08.12"]
[SourceVersion "1"]
[SourceVersionDate "2002.08.12"]
[SourceQuality "1"]
[WhiteTeam "Leiden LSG"]
[BlackTeam "ING/ESGOO Enschede"]
[WhiteTeamCountry "NED"]
[BlackTeamCountry "NED"]

1. e4 c5 2. Nf3 Nc6 3. Bb5 e6 4. O-O Nge7 5. c3 a6 6. Ba4 d5 7. exd5 Qxd5 8. d4
Bd7 9. Re1 Qh5 10. dxc5 Qxc5 11. Nbd2 Ng6 12. Ne4 Qa5 13. Nfg5 Rd8 14. Bc2 h6
15. Nh3 Bc8 16. Qe2 Be7 17. Ng3 Nh4 18. Nh5 g6 19. Ng3 Kf8 20. Nf4 Kg7 21. Nd3
Qc7 22. Bf4 Bd6 23. Bxd6 Rxd6 24. Qg4 Nf5 25. Nf4 Rd2 26. Re2 Ne5 27. Nxf5+
exf5 28. Qg3 Rxe2 29. Nxe2 Qc5 30. Bb3 Rd8 31. Nd4 Nc6 32. Qc7 Qe7 33. Qxe7
Nxe7 34. Re1 Kf6 35. Kf1 Rd6 36. Ke2 Bd7 37. Rd1 Rb6 38. Rd2 Nc6 39. f4 a5 40.
Nxc6 Bxc6 41. Ke3 Be4 42. h4 g5 43. h5 Ke7 44. g3 f6 45. Ba4 Rd6 46. Rxd6 Kxd6
{[%csl Rf5,Rh5] Ideeller weißer Mehrbauer; Taktik und Technik mit falschem
Randbauer.} 47. b4 axb4 48. cxb4 Bd5 49. a3 Bf7 50. Bd1 Be8 51. a4 g4 52. Bc2
Kd5 53. Bb3+ Kd6 54. Bc2 Kd5 55. Bxf5 Kc4 (55... Bxh5 56. Kd3 b6 57. a5 bxa5
58. bxa5 Kc5 59. a6 Kb6 60. Kd4 Kxa6 61. Kd5 Bf7+ 62. Kd6 Bc4 63. Ke7 h5 64.
Kxf6 h4 65. gxh4 g3 66. Be4 $18) 56. Bxg4 Bxa4 (56... Kxb4 57. Bd1 Bxa4 58.
Bxa4 Kxa4 59. g4 b5 60. g5 fxg5 61. fxg5 b4 62. gxh6 b3 63. h7 b2 64. h8=Q b1=Q
65. Qa8+ Kb3 66. Qb7+ $18) 57. b5 Kc5 58. Be2 f5 (58... b6 59. g4 (59. Ke4 Bc2+
60. Bd3 Bxd3+ 61. Kxd3 f5 $11) (59. Bd3 Bd1 60. Be2 Bxe2 61. Kxe2 f5 $11) 59...
Kd6 60. g5 fxg5 61. fxg5 Ke7 62. g6 (62. gxh6 Kf8 63. Bc4 Bxb5 64. Ba2 Be8 65.
Kf4 Bf7 66. h7 Kg7 $11) (62. Kf4 hxg5+ 63. Kxg5 Kf7 $11) 62... Kf6 63. Kd4 Bb3
{[%csl Yd5,Ye5,Rh5] technische Remisstellung}) 59. Bd3 Bxb5 60. Bxf5 (60. Bxb5
$2 Kxb5 61. Kd4 Kc6 62. Ke5 b5 63. Kxf5 Kd5 64. Kg6 b4 65. f5 b3 66. f6 b2 67.
f7 b1=Q+ 68. Kg7 $11) 60... Bc4 61. g4 Kd6 62. g5 Ke7 63. Kd4 Be2 64. Bg6 Kf8
65. gxh6 Bg4 66. Kc5 Kg8 67. Kb6 Bf3 68. f5 Kh8 69. f6 Bd5 70. Kc5 Ba2 71. Kd6
Bc4 72. Ke7 b5 73. Bd3 (73. Bf5 b4 74. Be6 $18) 73... Bd5 74. Bxb5 {[%cal
Gb5d7,Gd7e6]} 1-0